| 000 | 00862nam a22002057a 4500 | ||
|---|---|---|---|
| 999 |
_c16470 _d16470 |
||
| 003 | AR-CdUCM | ||
| 008 | 190225b ||||| |||| 00| 0 spa d | ||
| 040 |
_aMUNICIPALIDAD PROVINCIAL DEL CUSCO _cBIBLIOTECA MUNICIPAL DEL CUSCO |
||
| 082 |
_a914 / _bSC29 |
||
| 100 |
_aSchmieder, Oscar. _935930 |
||
| 245 | _aGeografía del viejo mundo / | ||
| 260 |
_bFondo de cultura económica, _c1955. _aMéxico : |
||
| 300 |
_a754 paginas ; _c24 cm. |
||
| 440 |
_aSección de obras de geografía. _935931 |
||
| 505 | _aContenido :Los países secos del hemisferio septentrional -- Los países mediterráneos y la Europa húmeda -- Los dos grandes paisajes del norte de Eurasia -- Asia húmeda y de transición y el archipiélago malayo ... | ||
| 650 |
_aHistoria universal. _91423 |
||
| 650 |
_aPaíses europeos. _935932 |
||
| 942 |
_2ddc _cLIBROS |
||
| 945 |
_arum _d2019-05-03 |
||